Civil engineering dynamics : (Record no. 143325)

MARC details
000 -LEADER
fixed length control field 00936cam a2200241Ia 4500
008 - FIXED-LENGTH DATA ELEMENTS--GENERAL INFORMATION
fixed length control field
020 ## - INTERNATIONAL STANDARD BOOK NUMBER
International Standard Book Number 0862923271(hbk.)
049 ## - LOCAL HOLDINGS (OCLC)
Holding library MAIN
090 ## - LOCALLY ASSIGNED LC-TYPE CALL NUMBER (OCLC); LOCAL CALL NUMBER (RLIN)
Classification number (OCLC) (R) ; Classification number, CALL (RLIN) (NR) TA352
003 - CONTROL NUMBER IDENTIFIER
control field
005 - DATE AND TIME OF LATEST TRANSACTION
control field 20230123133131.0
040 ## - CATALOGING SOURCE
Transcribing agency NUST
100 ## - MAIN ENTRY--PERSONAL NAME
Personal name Civil engineering dynamics (:
Dates associated with a name 1988 March 24-25 :
Titles and words associated with a name Bristol, Great Britain)
245 00 - TITLE STATEMENT
Title Civil engineering dynamics :
Remainder of title conference organised by the University of Bristol, in association with the Society for Earthquake and Civil Engineering Dynamics held at the University of Bristol, 24-25 March 1988.
260 ## - PUBLICATION, DISTRIBUTION, ETC.
Place of publication, distribution, etc. Bristol :
Name of publisher, distributor, etc. University of Bristol,
Date of publication, distribution, etc. 1989.
300 ## - PHYSICAL DESCRIPTION
Extent 497 p. :
Other physical details ill. ;
Dimensions 24 cm.
650 #0 - SUBJECT ADDED ENTRY--TOPICAL TERM
Topical term or geographic name entry element Earthquake engineering.
650 #0 - SUBJECT ADDED ENTRY--TOPICAL TERM
Topical term or geographic name entry element Structural dynamics.
710 2# - ADDED ENTRY--CORPORATE NAME
Corporate name or jurisdiction name as entry element University of Bristol.
710 2# - ADDED ENTRY--CORPORATE NAME
Corporate name or jurisdiction name as entry element Society of Earthquake and Civil Engineering Dynamics.
907 ## - LOCAL DATA ELEMENT G, LDG (RLIN)
a .b10016661
b 25-07-05
c 17-04-03
942 ## - ADDED ENTRY ELEMENTS (KOHA)
Koha item type Ordinary Loan Books
Call number prefix TA352
Holdings
Date last seen Total Checkouts Full call number Barcode Cost, replacement price Price effective from Koha item type Lost status Source of classification or shelving scheme Damaged status Not for loan Collection Withdrawn status Home library Current library Shelving location Date acquired Cost, normal purchase price
01/23/2023 1 TA352 CIV 92003016467 80.00 01/23/2023 BOOKS   LCC     NFIC   MAIN MAIN GEN 01/23/2023 80.00